Sbierka zákonov SNR

Enregistré dans:
Détails bibliographiques
Format: Publication en série
Langue:slovaque
Publié: Praha SNP 1949
Tags: Ajouter un tag
Pas de tags, Soyez le premier à ajouter un tag!

MARC

LEADER 00000nas2a2200000 4500
001 s122053
005 20250730114209.1
041 0 |a slo 
044 |a CZ 
245 1 0 |a Sbierka zákonov SNR 
264 1 |a Praha  |b SNP  |c 1949 
300 |a 1 zv. 
773 0 |w eu_un_cat*s125130